000 00892nam a22002175i 4500
001 152889
003 ES-MaACL
005 20251017063106.0
008 021001s1846 mx |||| | spa d
040 _aEUS
_bspa
_cEUS
080 _a929 Iturbide, Agustín de
080 _a94(72)"1810/21"
100 1 _aBustamante, Carlos María de,
_d1774-1848
_932864
245 1 0 _aHistoria del emperador D. Agustín de Iturbide hasta su muerte y sus consecuencias, y establecimiento de la república popular federal /
_csu autor el lic. D. Carlos Maria Bustamante.
260 _aMéxico :
_b[s.n.],
_c1846 (
_fimprenta de I. Cumplido)
300 _a291 p., VII ;
_c22 cm.
600 1 4 _aIturbide, Agustín de-
_vBiografías.
_9128216
651 4 _aMéxico-
_xHistoria-
_y1810-1821, Guerra de la Independencia.
_9168986
852 _aES-MaACL
_jG-1782
_z-- Enc. hol.
999 _c152889
_d152889